000 00470nam a22001697a 4500
005 20180327113720.0
008 160518b xxu||||| |||| 00| 0 eng d
020 _a978-81-203-1141-1
041 _aeng
082 _b2767
_a338.88
100 _aSundaram Anant K. Black J. Stewart
_9731
245 _aThe International Business Environment Text and Cases
260 _aNew Delhi
_bPHI learning Pvt. Ltd.
_c2009
300 _a339
650 _aManagement
_9241
942 _cBK
999 _c983
_d983